| 000 | 00982nam a22002537a 4500 | ||
|---|---|---|---|
| 003 | UA-OsUOA | ||
| 001 | 105996 | ||
| 007 | ta | ||
| 008 | 20140422b un ||||| |||| 00| 0 ukr d | ||
| 100 | _aКит Д. | ||
| 090 |
_a004.4'2 _bК45 |
||
| 942 | _cBK | ||
| 040 |
_aUA-OsUOA _brus _cUA-OsUOA _dUA-OsUOA |
||
| 245 | _aHTML5 для веб-дизайнеров | ||
| 300 | _a112 с. | ||
| 955 | _a2 | ||
| 041 | _arus | ||
| 080 | _a004.4'2 | ||
| 020 | _a978-5-91657-596-5 | ||
| 520 | 3 | _aОглавление6 Предисловие8 Глава 1. Краткая история разметки16 Глава 2. Устройство HTML531 Глава 3. Мультимедиа51 Глава 4. Веб-формы 2.068 Глава 5. Семантика91 Глава 6. Использование HTML5 сейчас99 Об авторе | |
| 260 |
_aМ. _bМанн _c2013 |
||
| 650 | 7 |
_a00 Загальні питання науки і культури _2UDC |
|
| 999 |
_c392170 _d392170 |
||